000
00233nam a2200109Ia 4500
999
_c
6753
_d
6753
020
_a
9780750619080
100
_a
Peter F Drucker
245
0
_a
Innovation And Entrepreneurship
260
_a
UK
_b
Sage
_c
1996
300
_a
258
942
_c
BK